<?xml version="1.0" encoding="UTF-8"?>
<record
    xmlns:xsi="http://www.w3.org/2001/XMLSchema-instance"
    xsi:schemaLocation="http://www.loc.gov/MARC21/slim http://www.loc.gov/standards/marcxml/schema/MARC21slim.xsd"
    xmlns="http://www.loc.gov/MARC21/slim">

  <leader>01672    a2200253   4500</leader>
  <controlfield tag="005">2008091007107.0</controlfield>
  <controlfield tag="008">080910t        xxu||||| |||| 00| 0 hin d</controlfield>
  <datafield tag="010" ind1=" " ind2=" ">
    <subfield code="a">HIN-79423</subfield>
  </datafield>
  <datafield tag="020" ind1=" " ind2=" ">
    <subfield code="c">250.00</subfield>
  </datafield>
  <datafield tag="035" ind1=" " ind2=" ">
    <subfield code="a">HN-51769</subfield>
  </datafield>
  <datafield tag="037" ind1=" " ind2=" ">
    <subfield code="b">D.B.Act / ven</subfield>
  </datafield>
  <datafield tag="082" ind1=" " ind2=" ">
    <subfield code="a">230.52</subfield>
  </datafield>
  <datafield tag="100" ind1=" " ind2=" ">
    <subfield code="a">&#x905;&#x917;&#x94D;&#x930;&#x935;&#x93E;&#x932;, &#x939;&#x930;&#x93F; &#x915;&#x93F;&#x936;&#x928; &#x926;&#x93E;&#x938;</subfield>
  </datafield>
  <datafield tag="245" ind1=" " ind2=" ">
    <subfield code="a">&#x926;&#x93F;&#x935;&#x94D;&#x92F; - &#x935;&#x93F;&#x91A;&#x93E;&#x930; :</subfield>
    <subfield code="c">&#x939;&#x930;&#x93F; &#x915;&#x93F;&#x936;&#x928; &#x926;&#x93E;&#x938; &#x905;&#x917;&#x94D;&#x930;&#x935;&#x93E;&#x932;</subfield>
    <subfield code="b">&#x906;&#x924;&#x94D;&#x92E;- &#x909;&#x928;&#x94D;&#x928;&#x924;&#x93F; &#x935; &#x938;&#x941;&#x916; - &#x936;&#x93E;&#x902;&#x924;&#x93F; &#x939;&#x947;&#x924;&#x941; &#x906;&#x927;&#x94D;&#x92F;&#x93E;&#x924;&#x94D;&#x92E;&#x93F;&#x915; &#x91A;&#x93F;&#x924;&#x94D;&#x930;&#x93E;&#x935;&#x932;&#x940; /</subfield>
  </datafield>
  <datafield tag="246" ind1=" " ind2=" ">
    <subfield code="a">Divya vichar</subfield>
    <subfield code="b">by Hari kishan Das Aggarwal</subfield>
  </datafield>
  <datafield tag="260" ind1=" " ind2=" ">
    <subfield code="a">&#x932;&#x916;&#x928;&#x90A;</subfield>
    <subfield code="b">&#x926;&#x93F;&#x935;&#x94D;&#x92F;&#x93E;&#x902;&#x936; &#x92A;&#x92C;&#x94D;&#x932;&#x93F;&#x915;&#x947;&#x936;&#x928;&#x94D;&#x938;</subfield>
    <subfield code="c">2006</subfield>
  </datafield>
  <datafield tag="260" ind1=" " ind2=" ">
    <subfield code="a">&#x928;&#x908; &#x926;&#x93F;&#x932;&#x94D;&#x932;&#x940;(&#x935;&#x93F;&#x924;&#x930;&#x915;) &#x935;&#x93E;&#x923;&#x940; &#x92A;&#x94D;&#x930;&#x915;&#x93E;&#x936;&#x928;</subfield>
  </datafield>
  <datafield tag="270" ind1=" " ind2=" ">
    <subfield code="a">&#x90F;&#x92E;.&#x906;&#x908;.&#x91C;&#x940;.222, &#x92B;&#x947;&#x938; 1, &#x90F;&#x932;.&#x921;&#x940;.&#x90F;.&#x91F;&#x93F;&#x915;&#x948;&#x924; &#x930;&#x93E;&#x92F; &#x915;&#x93E;&#x932;&#x94B;&#x928;&#x940;</subfield>
    <subfield code="b">&#x932;&#x916;&#x928;&#x90A;</subfield>
    <subfield code="k">09415185960</subfield>
  </datafield>
  <datafield tag="270" ind1=" " ind2=" ">
    <subfield code="a">21-&#x90F;, &#x926;&#x930;&#x93F;&#x92F;&#x93E;&#x917;&#x902;&#x91C;,</subfield>
    <subfield code="b">&#x928;&#x908;  &#x926;&#x93F;&#x932;&#x94D;&#x932;&#x940;</subfield>
    <subfield code="e">110009</subfield>
    <subfield code="k">27608813</subfield>
  </datafield>
  <datafield tag="300" ind1=" " ind2=" ">
    <subfield code="a">235&#x92A;&#x943;</subfield>
    <subfield code="c">19 &#x938;&#x947;&#x92E;&#x940; (&#x938;&#x91C;&#x93F;&#x932;&#x94D;&#x926;)</subfield>
    <subfield code="b">&#x938;&#x91A;&#x93F;&#x924;&#x94D;&#x930;</subfield>
  </datafield>
  <datafield tag="942" ind1=" " ind2=" ">
    <subfield code="a">dpl</subfield>
    <subfield code="c">HN</subfield>
    <subfield code="k">230.52/&#x905;&#x917;&#x94D;&#x930;&#x935;&#x93E;</subfield>
    <subfield code="2">ddc</subfield>
    <subfield code="h">230.52</subfield>
    <subfield code="m">&#x905;&#x917;&#x94D;&#x930;&#x935;&#x93E;</subfield>
  </datafield>
  <datafield tag="999" ind1=" " ind2=" ">
    <subfield code="c">1974</subfield>
    <subfield code="d">1974</subfield>
  </datafield>
  <datafield tag="952" ind1=" " ind2=" ">
    <subfield code="0">0</subfield>
    <subfield code="1">0</subfield>
    <subfield code="2">ddc</subfield>
    <subfield code="4">0</subfield>
    <subfield code="7">0</subfield>
    <subfield code="a">DBAD</subfield>
    <subfield code="b">DBAD</subfield>
    <subfield code="d">2008-09-10</subfield>
    <subfield code="g">250.00</subfield>
    <subfield code="l">0</subfield>
    <subfield code="o">230.52 &#x905;&#x917;&#x94D;&#x930;&#x935;&#x93E;</subfield>
    <subfield code="p">HN-51769</subfield>
    <subfield code="r">2008-09-15 00:00:00</subfield>
    <subfield code="t">1</subfield>
    <subfield code="u">2088</subfield>
    <subfield code="v">250.00</subfield>
    <subfield code="w">2008-09-15</subfield>
    <subfield code="y">HN</subfield>
  </datafield>
  <datafield tag="952" ind1=" " ind2=" ">
    <subfield code="0">0</subfield>
    <subfield code="1">0</subfield>
    <subfield code="2">ddc</subfield>
    <subfield code="4">0</subfield>
    <subfield code="7">0</subfield>
    <subfield code="8">NFIC</subfield>
    <subfield code="a">JP</subfield>
    <subfield code="b">JP</subfield>
    <subfield code="d">2009-09-15</subfield>
    <subfield code="e">DBAD / PUB </subfield>
    <subfield code="g">250.00</subfield>
    <subfield code="l">41</subfield>
    <subfield code="m">1</subfield>
    <subfield code="o">230.52 &#x905;&#x917;&#x94D;&#x930;&#x935;&#x93E;</subfield>
    <subfield code="p">B-358247</subfield>
    <subfield code="r">2017-05-08 00:00:00</subfield>
    <subfield code="s">2017-04-21</subfield>
    <subfield code="t">1</subfield>
    <subfield code="v">250.00</subfield>
    <subfield code="w">2009-09-15</subfield>
    <subfield code="y">HN</subfield>
  </datafield>
</record>
